Anl̀isis e interpretacin̤ de las Leyes Fiscales en Mx̌ico aportes para un modelo ter̤ico

Detalles Bibliográficos
Autor principal: Covarrubias Rivera, Alejandro
Formato: eBook
Lenguaje:español
Publicado: Mx̌ico D.F. : Instituto Mexicano de Contadores Pb︢licos, 2011
Materias:
Acceso en línea:http://www.vlex.com/source/7067

MARC

LEADER 00000nam a22000007a 4500
005 20130222140950.0
007 cr|||| ||||
008 130222e2011 mx |||||s|||| 00||0 spa d
020 |a 978-607-7620-87-7 
035 |a 7067 
040 |a vLex 
090 |c 3734  |d 3734 
100 1 0 |a Covarrubias Rivera, Alejandro  
245 1 0 |a Anl̀isis e interpretacin̤ de las Leyes Fiscales en Mx̌ico  |b aportes para un modelo ter̤ico  |h [Recurso electrn̤ico] 
256 |a Servicio en ln̕ea 
260 |a Mx̌ico D.F. :  |b Instituto Mexicano de Contadores Pb︢licos,   |c 2011 
300 |a 1 Recurso electrn̤ico 
650 0 4 |a Derecho tributario  |z Mx̌ico 
740 |a vLex Libros (Servicio en ln̕ea) 
856 |a Acceso restringido  |u http://www.vlex.com/source/7067 
942 |c BOOK 
999 0 |a Taxation